• 首页
  • 本馆介绍
  • 公告通知
  • 最新文献
  • 馆藏检索
  • 电子资源
  • 读者导购
  • 参考咨询
  • 我的图书馆
  • 登录
  • 详细信息显示
  • 放入我的书架
  • 预约/预借图书
  • 作者相关作品
  • 分类相关作品
  • 丛书相关作品
  • 出版社相关作品

书目信息

  • 表格格式
  • 工作单格式
  • 卡片格式
题名:
畜产品加工学
    
 
作者: ;东北农学院 主编
分册:   畜牧专业用
出版信息: 北京   农业出版社  1961.02
页数: 208页
开本: 26cm
丛书名:
单 册:
中图分类: TS251.1
科图分类:
主题词: 畜产品--加工--高等学校--教材
电子资源:
ISBN:
000 00712nam 2200229 45
001 0191012763
005 20060816092010.42
010    @dCNY1.30
100    @a19910529e1961 em y0chiy0121 ea
101 0  @achi
102    @aCN@b110000
105    @ay z 000yy
200 10 @a畜产品加工学@AXU CHAN PIN JIA GONG XUE@f东北农学院主编@i畜牧专业用@FDONG BEI NONG XUE YUAN ZHU BIAN
210    @a北京@c农业出版社@d1961.02
215    @a208页@d26cm
300    @a全国高等农业院校教材 畜牧专业用
517 1  @a畜牧专业用@Achu mu zhuan ye yong
606    @a畜产品@x加工@x高等学校@x教材
690    @aTS251.1
711 02 @a东北农学院@ADONG BEI NONG XUE YUAN@4主编
801  0 @aCN@bTSSF@c20060816
905    @a10447@dTS251.1@e44
    
    畜产品加工学/东北农学院主编.畜牧专业用.-北京:农业出版社,1961.02
    208页;26cm
    全国高等农业院校教材 畜牧专业用
    
    ISBN :CNY1.30
    
●
相关链接 在E读中查询图书 在五车中查询图书 在当当中查询图书 在豆瓣中查询图书


正题名:畜产品加工学     索取号:TS251.1/44         预约/预借

序号 登录号 条形码 馆藏地/架位号 状态 备注
1 0458644   204586448   密集书库/ [索取号:TS251.1/44] 在馆    
唐山师范学院图书馆 欢迎您!
大连网信软件有限公司© 版权所有